| 000 | 00454nam a22001697a 4500 | ||
|---|---|---|---|
| 003 | CEME | ||
| 005 | 20210628203600.0 | ||
| 008 | 210201b xxu||||| |||| 00| 0 eng d | ||
| 040 | _c. | ||
| 082 | _a297.52 ABD | ||
| 100 |
_aAbdur Razaq _966382 |
||
| 245 | _a Namaz habib-e-kibriya (sawaws) | ||
| 260 |
_aLAHORE _bISLAMIC PUBLICATIONS _c2000 |
||
| 300 | _a448P | ||
| 650 |
_aISLAM-SALAT OF PROPHET MUHAMMAD PEACE BE UPON HIM _966383 |
||
| 942 |
_cBK _2ddc |
||
| 999 |
_c574354 _d574354 |
||